[Event "1st FIDE OWCCCC Pools-East 2021"]
[Site "Online"]
[Date "2021.02.20"]
[Round "6.45"]
[White "Povashevich, Nataliya"]
[Black "Abasov, Nijat"]
[Result "0-1"]
[WhiteElo "1448"]
[BlackElo "2664"]
[Annotator "ChessBase"]
[PlyCount "114"]
[EventDate "2021.02.19"]
[EventType "team-tourn"]
[EventCountry "NET"]
[SourceTitle "playchess.com"]
[Source "ChessBase"]
[SourceQuality "1"]

1. e4 Nf6 2. d3 e5 3. Nf3 Nc6 4. Be2 d5 5. exd5 Nxd5 6. O-O Bd6 7. Bd2 O-O 8. Nc3 Be6 9. Nxd5 Bxd5 10. a3 Re8 11. c4 Be6 12. Bc3 Bf5 13. h3 h6 14. b4 Bf8 15. b5 Nd4 16. Nxd4 exd4 17. Bb4 Qg5 18. Bg4 Bxg4 19. Qxg4 Qxg4 20. hxg4 Re2 21. Rfe1 Rae8 22. Kf1 Rxe1+ 23. Rxe1 Rd8 24. Re4 f6 25. Ke2 Kf7 26. Kf3 Rd7 27. Ke2 g6 28. Kf3 Bg7 29. a4 f5 30. gxf5 gxf5 31. Re2 h5 32. g3 Bf6 33. Bc5 b6 34. Bb4 Be7 35. Bxe7 Rxe7 36. Rxe7+ Kxe7 37. Kf4 Kf6 38. f3 Kg6 39. Ke5 Kg5 40. Kxd4 f4 41. gxf4+ Kxf4 42. c5 h4 43. cxb6 cxb6 44. Kd5 h3 45. Kc6 h2 46. d4 h1=Q 47. d5 Qxf3 48. Kb7 Qxd5+ 49. Kxa7 Qc5 50. Kb7 Ke5 51. a5 bxa5 52. Ka6 a4 53. b6 a3 54. b7 Qd6+ 55. Ka7 a2 56. b8=Q a1=Q+ 57. Kb7 Qaa6# 0-1

[Event "1st FIDE OWCCCC Pools-East 2021"]
[Site "Online"]
[Date "2021.02.20"]
[Round "6.45"]
[White "Gupta, Shruti"]
[Black "Ahuja, Ritika"]
[Result "1-0"]
[WhiteElo "722"]
[BlackElo "200"]
[Annotator "NA"]
[PlyCount "69"]
[EventDate "2021.02.19"]
[EventType "team-tourn"]
[EventCountry "NET"]
[SourceTitle "playchess.com"]
[Source "ChessBase"]
[SourceQuality "1"]

1. e4 c5 2. Bc4 Nf6 3. Nf3 g6 4. O-O Bh6 5. d3 Nc6 6. Bxh6 Qc7 7. g3 Nb4 8. Ng5 Qd6 9. Nxf7 Qd4 10. Nxh8 Ng8 11. Bxg8 Qxh8 12. Bc4 a5 13. Nc3 Ra6 14. h4 a4 15. h5 gxh5 16. Qxh5+ Kd8 17. Bxa6 bxa6 18. a3 Nxc2 19. Rac1 Nd4 20. Qxc5 Qg8 21. Qxd4 a5 22. Qb6+ Ke8 23. Qb8 Qg6 24. Be3 Qc6 25. Nd5 Qd6 26. Nc7+ Kf7 27. Qxc8 Qxd3 28. Qe8+ Kf6 29. Nd5+ Qxd5 30. exd5 Ke5 31. Qxe7+ Kxd5 32. Qxd7+ Ke4 33. Rc4+ Kf3 34. Rf4+ Ke2 35. Qd2# 1-0

[Event "1st FIDE OWCCCC Pools-East 2021"]
[Site "Online"]
[Date "2021.02.20"]
[Round "6.46"]
[White "Hlavsa, Petr"]
[Black "Kostic, Stefan"]
[Result "1/2-1/2"]
[WhiteElo "2164"]
[BlackElo "1944"]
[Annotator "NA"]
[PlyCount "130"]
[EventDate "2021.02.19"]
[EventType "team-tourn"]
[EventCountry "NET"]
[SourceTitle "playchess.com"]
[Source "ChessBase"]
[SourceQuality "1"]

1. e4 e5 2. Nf3 Nc6 3. Bc4 Bc5 4. c3 d6 5. O-O Nf6 6. d4 Bb6 7. dxe5 Nxe5 8. Nxe5 dxe5 9. Qxd8+ Kxd8 10. Bxf7 Rf8 11. Bb3 Nxe4 12. Be3 Bxe3 13. fxe3 Rxf1+ 14. Kxf1 Ke7 15. Na3 Be6 16. Bc2 Nd6 17. b3 a5 18. Bxh7 Rh8 19. Bd3 Rxh2 20. Kg1 Rh4 21. Nb5 Nxb5 22. Bxb5 c6 23. Bd3 a4 24. Rb1 b5 25. g3 Rg4 26. Kf2 axb3 27. axb3 Bd5 28. Be2 Rg6 29. c4 Rf6+ 30. Kg1 Be4 31. Ra1 b4 32. Ra7+ Kf8 33. c5 Rf7 34. Ra8+ Ke7 35. Rb8 g5 36. Rxb4 Rh7 37. Bf3 Bxf3 38. Rb7+ Ke6 39. Rxh7 Kd5 40. b4 Kc4 41. Rb7 g4 42. Kf2 Kd3 43. Re7 Kc4 44. Rxe5 Kxb4 45. e4 Kc4 46. Ke3 Bg2 47. Rf5 Bh1 48. Rg5 Bf3 49. Rh5 Bg2 50. Rf5 Bh3 51. Rg5 Bg2 52. Rxg4 Kxc5 53. Kd3 Kd6 54. Rg5 Ke6 55. Kd4 Kd6 56. Rc5 Bxe4 57. Kxe4 Kxc5 58. Ke5 Kb4 59. g4 c5 60. g5 c4 61. Kd4 c3 62. Kd3 Kb3 63. g6 c2 64. g7 Kb2 65. g8=Q c1=Q 1/2-1/2

[Event "1st FIDE OWCCCC Pools-East 2021"]
[Site "Online"]
[Date "2021.02.20"]
[Round "6.46"]
[White "Regalla, Sai Chand"]
[Black "vinupradeep"]
[Result "0-1"]
[WhiteElo "1879"]
[BlackElo "1681"]
[Annotator "NA"]
[PlyCount "118"]
[EventDate "2021.02.19"]
[EventType "team-tourn"]
[EventCountry "NET"]
[SourceTitle "playchess.com"]
[Source "ChessBase"]
[SourceQuality "1"]

1. Nf3 c6 2. e4 d5 3. e5 Bg4 4. Be2 e6 5. h3 Bxf3 6. Bxf3 Bc5 7. d4 Bb6 8. Nc3 c5 9. Nb5 Bc7 10. dxc5 Bxe5 11. Qe2 Nc6 12. c3 a6 13. Na3 Nf6 14. Bg5 h6 15. Bxf6 Bxf6 16. Nc2 O-O 17. Rd1 Qa5 18. a3 Qxc5 19. O-O Rad8 20. Rd3 Ne5 21. Re3 Nc4 22. b4 Qb6 23. Rd3 Ne5 24. Re3 Nc4 25. Rd3 Rc8 26. Nd4 Bxd4 27. Rxd4 Nxa3 28. Qd3 Nb5 29. Rh4 Rxc3 30. Qd2 Qd8 31. Rg4 Qf6 32. Rg3 Rc4 33. Be2 Rd4 34. Rd3 Rxd3 35. Qxd3 Nd6 36. Rc1 Nc4 37. Bd1 Nb2 38. Qd2 Nxd1 39. Qxd1 Qb2 40. Rb1 Qc3 41. Rb3 Qc4 42. Qb1 Rc8 43. b5 Qc1+ 44. Qxc1 Rxc1+ 45. Kh2 a5 46. b6 Rc6 47. Rb5 a4 48. Ra5 Rxb6 49. Rxa4 Rb2 50. f3 b5 51. Ra7 b4 52. Rb7 b3 53. Kg3 Rb1 54. Kf4 b2 55. Ke5 Re1+ 56. Kd6 b1=Q 57. Re7 Qb4+ 58. Kd7 Qxe7+ 59. Kc6 Rc1+ 0-1

[Event "1st FIDE OWCCCC Pools-East 2021"]
[Site "Online"]
[Date "2021.02.20"]
[Round "6.46"]
[White "Karimov, Samir"]
[Black "Biloskurskyi, Orest"]
[Result "0-1"]
[WhiteElo "1790"]
[BlackElo "1469"]
[Annotator "NA"]
[PlyCount "72"]
[EventDate "2021.02.19"]
[EventType "team-tourn"]
[EventCountry "NET"]
[SourceTitle "playchess.com"]
[Source "ChessBase"]
[SourceQuality "1"]

1. e4 e6 2. d4 d6 3. Nf3 c6 4. Bd3 Nd7 5. O-O f6 6. Re1 e5 7. d5 cxd5 8. exd5 Be7 9. Nh4 g5 10. Qh5+ Kf8 11. Ng6+ hxg6 12. Qxh8 f5 13. h4 e4 14. Bb5 a6 15. Bxd7 Bxd7 16. hxg5 Bxg5 17. Bxg5 Qxg5 18. Nc3 b5 19. a3 Re8 20. Qh2 Re5 21. Ne2 Nf6 22. Nf4 Ng4 23. Qg3 Qh6 24. f3 exf3 25. gxf3 g5 26. Rxe5 dxe5 27. Ne6+ Bxe6 28. dxe6 Qxe6 29. fxg4 f4 30. Qd3 Qxg4+ 31. Kf1 f3 32. Kf2 e4 33. Qxf3+ Qxf3+ 34. Kg1 Qg3+ 35. Kh1 e3 36. Rg1 Qh3# 0-1

[Event "1st FIDE OWCCCC Pools-East 2021"]
[Site "Online"]
[Date "2021.02.20"]
[Round "6.46"]
[White "Anandarayanan, Paddy"]
[Black "Amsasekar, Aravind"]
[Result "1-0"]
[WhiteElo "1720"]
[BlackElo "1793"]
[Annotator "NA"]
[PlyCount "159"]
[EventDate "2021.02.19"]
[EventType "team-tourn"]
[EventCountry "NET"]
[SourceTitle "playchess.com"]
[Source "ChessBase"]
[SourceQuality "1"]

1. d4 d5 2. Nf3 e6 3. e3 Nf6 4. Be2 c5 5. c4 cxd4 6. Nxd4 Bd6 7. Nc3 O-O 8. Qb3 e5 9. Ndb5 dxc4 10. Bxc4 a6 11. Nxd6 Qxd6 12. O-O b5 13. Be2 Bb7 14. Rd1 Qc7 15. f3 Nc6 16. Bd2 Na5 17. Qb4 Nc6 18. Qh4 Rad8 19. Be1 Ne7 20. g4 Ng6 21. Qg3 Qb8 22. h4 b4 23. Na4 Bc6 24. Nc5 Qb6 25. Nb3 Qxe3+ 26. Qf2 Qxf2+ 27. Bxf2 Nf4 28. Bxa6 Nh3+ 29. Kg2 Nxf2 30. Kxf2 e4 31. Nd4 Ba8 32. g5 Ng4+ 33. fxg4 Rd6 34. Ke3 Rxa6 35. Rdc1 Rd8 36. Rc7 Rad6 37. Rd1 R6d7 38. Rc4 Bd5 39. Rxb4 Bxa2 40. Ra4 Bb3 41. Nxb3 Rxd1 42. Nd4 g6 43. Rc4 Re1+ 44. Kf4 Rh1 45. Kxe4 Rxh4 46. Kf4 Rh2 47. Nc6 Rdd2 48. Ne7+ Kg7 49. Rc8 Rhf2+ 50. Kg3 Rg2+ 51. Kf3 Rgf2+ 52. Kg3 f6 53. gxf6+ Rxf6 54. g5 Re6 55. Ng8 Rxb2 56. Nh6 Re3+ 57. Kf4 Rb4+ 58. Kxe3 Rb8 59. Rc7+ Kf8 60. Rxh7 Rb3+ 61. Kf4 Rb4+ 62. Ke5 Rb5+ 63. Kf6 Rb6+ 64. Ke5 Rb5+ 65. Kf4 Rb4+ 66. Ke3 Rb3+ 67. Kd2 Rb2+ 68. Kc3 Rb5 69. Rf7+ Ke8 70. Rg7 Rxg5 71. Kd4 Ra5 72. Rxg6 Ra4+ 73. Ke5 Ra5+ 74. Kf4 Ra4+ 75. Kg5 Ra1 76. Rg8+ Kd7 77. Rg7+ Kc6 78. Kg6 Rg1+ 79. Kh7 Rg6 80. Kxg6 1-0

[Event "1st FIDE OWCCCC Pools-East 2021"]
[Site "Online"]
[Date "2021.02.20"]
[Round "6.46"]
[White "Verma, Saksham"]
[Black "Dungl, Martin"]
[Result "0-1"]
[WhiteElo "1342"]
[BlackElo "2026"]
[Annotator "NA"]
[PlyCount "142"]
[EventDate "2021.02.19"]
[EventType "team-tourn"]
[EventCountry "NET"]
[SourceTitle "playchess.com"]
[Source "ChessBase"]
[SourceQuality "1"]

1. e4 c5 2. Nf3 g6 3. d4 cxd4 4. Nxd4 Nc6 5. Nc3 Bg7 6. Nf3 Nf6 7. Bd3 O-O 8. O-O d5 9. exd5 Nxd5 10. Nxd5 Qxd5 11. c3 Bg4 12. h3 Bxf3 13. Qxf3 Qxf3 14. gxf3 Rad8 15. Be4 f5 16. Bxc6 bxc6 17. Be3 a6 18. Rfe1 e5 19. Rad1 Kf7 20. Bc5 Rfe8 21. Bb6 Rb8 22. Rd7+ Re7 23. Rxe7+ Kxe7 24. Bc5+ Ke6 25. b4 Rd8 26. Re2 Rd1+ 27. Kg2 Kd5 28. Rc2 Bh6 29. c4+ Ke6 30. Be3 Bf8 31. Bc5 Bxc5 32. bxc5 Rd4 33. Kh2 h5 34. Kg2 f4 35. Kh2 Kf5 36. Kg2 a5 37. Kh2 a4 38. Kg2 e4 39. fxe4+ Kxe4 40. Rc3 Rd3 41. Rxd3 Kxd3 42. Kf3 Kc2 43. Kxf4 Kb2 44. Kg5 Kxa2 45. f4 Kb2 46. Kxg6 a3 47. f5 a2 48. f6 a1=Q 49. f7 Qg1+ 50. Kh6 Qxc5 51. Kg7 Qg5+ 52. Kh7 Qf5+ 53. Kg7 Qe5+ 54. Kh7 Qe7 55. Kg8 Qg5+ 56. Kh7 Qf4 57. Kg8 Kc3 58. f8=Q Qxf8+ 59. Kxf8 Kxc4 60. Kg7 Kd5 61. Kh6 c5 62. Kxh5 c4 63. Kg6 c3 64. h4 c2 65. h5 c1=Q 66. h6 Qc3 67. h7 Qh8 68. Kh6 Ke5 69. Kg6 Ke6 70. Kh6 Kf5 71. Kh5 Qxh7# 0-1

[Event "1st FIDE OWCCCC Pools-East 2021"]
[Site "Online"]
[Date "2021.02.20"]
[Round "6.47"]
[White "Barta, Miroslav"]
[Black "Levitan, Liel"]
[Result "1-0"]
[WhiteElo "1956"]
[BlackElo "1097"]
[Annotator "NA"]
[PlyCount "75"]
[EventDate "2021.02.19"]
[EventType "team-tourn"]
[EventCountry "NET"]
[SourceTitle "playchess.com"]
[Source "ChessBase"]
[SourceQuality "1"]

1. d4 d5 2. c4 e6 3. Nc3 Be7 4. Nf3 Nf6 5. Bg5 O-O 6. e3 b6 7. Rc1 Nbd7 8. Bd3 Bb7 9. O-O c5 10. cxd5 exd5 11. dxc5 bxc5 12. Na4 Rc8 13. Bb1 h6 14. Bh4 Qc7 15. Qc2 d4 16. Bg3 Bd6 17. exd4 Bxg3 18. hxg3 Bxf3 19. gxf3 c4 20. b3 Qd6 21. bxc4 Qxd4 22. Rfd1 Qe5 23. Rxd7 Rfe8 24. Rd3 Rc7 25. Re3 Rce7 26. Rxe5 Rxe5 27. Nc3 Re1+ 28. Rxe1 Rxe1+ 29. Kg2 g6 30. Nd5 Nxd5 31. cxd5 Kg7 32. Qc3+ Kh7 33. Qxe1 Kg7 34. d6 Kh7 35. d7 Kg7 36. d8=Q Kh7 37. Qe5 h5 38. Qdh8# 1-0

[Event "1st FIDE OWCCCC Pools-East 2021"]
[Site "Online"]
[Date "2021.02.20"]
[Round "6.47"]
[White "Anand, Ashish"]
[Black "GB_Chess_"]
[Result "1-0"]
[WhiteElo "1860"]
[BlackElo "1765"]
[Annotator "NA"]
[PlyCount "61"]
[EventDate "2021.02.19"]
[EventType "team-tourn"]
[EventCountry "NET"]
[SourceTitle "playchess.com"]
[Source "ChessBase"]
[SourceQuality "1"]

1. e4 c5 2. Nf3 d6 3. d4 cxd4 4. Nxd4 Nf6 5. Nc3 a6 6. Be3 e6 7. Bd3 Be7 8. h3 b5 9. a3 Bb7 10. f3 Qc7 11. O-O Nc6 12. Kh1 Ne5 13. Qe1 O-O 14. Qg3 Rfd8 15. f4 Nxd3 16. cxd3 d5 17. e5 Nd7 18. Nde2 Nc5 19. d4 Nb3 20. Rad1 b4 21. axb4 Bxb4 22. f5 Bc6 23. f6 g6 24. Qh4 Bb5 25. Nxb5 axb5 26. Nc3 Qb7 27. Bh6 Rdc8 28. Rf4 Ra1 29. Rxa1 Nxa1 30. Bg7 Bxc3 31. Qxh7+ 1-0

[Event "1st FIDE OWCCCC Pools-East 2021"]
[Site "Online"]
[Date "2021.02.20"]
[Round "6.47"]
[White "Shusta, Dmytro"]
[Black "Ibishov, Javid"]
[Result "1-0"]
[WhiteElo "1687"]
[BlackElo "858"]
[Annotator "NA"]
[PlyCount "49"]
[EventDate "2021.02.19"]
[EventType "team-tourn"]
[EventCountry "NET"]
[SourceTitle "playchess.com"]
[Source "ChessBase"]
[SourceQuality "1"]

1. e4 e6 2. Nf3 d5 3. exd5 exd5 4. d4 Nf6 5. Bf4 c5 6. c3 Nc6 7. Bb5 Qb6 8. Bxc6+ bxc6 9. Qc2 Be7 10. O-O O-O 11. Re1 Ne4 12. b3 Bg4 13. Nbd2 f5 14. Ne5 cxd4 15. Nd7 Qb5 16. Nxf8 Rxf8 17. cxd4 Qb6 18. Be3 f4 19. Nxe4 fxe3 20. Rxe3 dxe4 21. Qxe4 Bf6 22. Qxg4 Bxd4 23. Rae1 Bxe3 24. Rxe3 Qd4 25. Qxd4 1-0

[Event "1st FIDE OWCCCC Pools-East 2021"]
[Site "Online"]
[Date "2021.02.20"]
[Round "6.47"]
[White "Zelenkovic, Jovan"]
[Black "MartinC"]
[Result "0-1"]
[WhiteElo "1012"]
[BlackElo "1215"]
[Annotator "NA"]
[PlyCount "80"]
[EventDate "2021.02.19"]
[EventType "team-tourn"]
[EventCountry "NET"]
[SourceTitle "playchess.com"]
[Source "ChessBase"]
[SourceQuality "1"]

1. e4 d5 2. exd5 Qxd5 3. Nc3 Qa5 4. Nf3 Nf6 5. h3 Bf5 6. g4 Bg6 7. Bd3 e6 8. Bxg6 hxg6 9. g5 Nd5 10. b3 Bb4 11. Bb2 Nxc3 12. dxc3 Bxc3+ 13. Bxc3 Qxc3+ 14. Kf1 Nc6 15. Qe1 Qxf3 16. Rh2 Rxh3 17. Rxh3 Qxh3+ 18. Ke2 Nd4+ 19. Kd2 Nf3+ 20. Ke2 Nxe1 21. Rxe1 Qg4+ 22. Kf1 Qxg5 23. Ke2 O-O-O 24. f3 b6 25. a4 Qd2+ 26. Kf1 Qxc2 27. Re3 Qc1+ 28. Kf2 Qd2+ 29. Re2 Qb4 30. Kg3 Qxb3 31. Kg4 Qxa4+ 32. Kg5 Kb7 33. f4 Ra8 34. Rd2 Qe4 35. Rd7 a5 36. Rxf7 a4 37. Rxg7 a3 38. Rxg6 Qf5+ 39. Kh6 Rh8+ 40. Kg7 Qf8# 0-1

[Event "1st FIDE OWCCCC Pools-East 2021"]
[Site "Online"]
[Date "2021.02.20"]
[Round "6.47"]
[White "Mishra, Shruti"]
[Black "Amazon-Azam"]
[Result "0-1"]
[WhiteElo "401"]
[BlackElo "1818"]
[Annotator "NA"]
[PlyCount "54"]
[EventDate "2021.02.19"]
[EventType "team-tourn"]
[EventCountry "NET"]
[SourceTitle "playchess.com"]
[Source "ChessBase"]
[SourceQuality "1"]

1. e4 c5 2. Bd3 Nc6 3. Nf3 e6 4. O-O Be7 5. b3 Bf6 6. c3 Nge7 7. Ba3 d6 8. b4 cxb4 9. Bb5 bxa3 10. Nxa3 O-O 11. Nc4 a6 12. Ba4 b5 13. Bb3 bxc4 14. Bxc4 Bb7 15. d3 a5 16. d4 d5 17. exd5 exd5 18. Nh4 Bxh4 19. Bb5 Ba6 20. Bxc6 Bxf1 21. Qxf1 Nxc6 22. a3 Qf6 23. Rb1 Rab8 24. Rc1 Rb2 25. a4 Rxf2 26. Kh1 Rxf1+ 27. Rxf1 Qxf1# 0-1

[Event "1st FIDE OWCCCC Pools-East 2021"]
[Site "Online"]
[Date "2021.02.20"]
[Round "6.48"]
[White "Ganesan, Raja Sriram"]
[Black "Dharani Srinivas K B"]
[Result "1/2-1/2"]
[WhiteElo "1692"]
[BlackElo "1842"]
[Annotator "NA"]
[PlyCount "78"]
[EventDate "2021.02.19"]
[EventType "team-tourn"]
[EventCountry "NET"]
[SourceTitle "playchess.com"]
[Source "ChessBase"]
[SourceQuality "1"]

1. e4 Nc6 2. Nf3 f5 3. exf5 d5 4. Bb5 Bxf5 5. Bxc6+ bxc6 6. O-O Nf6 7. d3 e6 8. Nd4 Qd7 9. Nxf5 exf5 10. Re1+ Be7 11. Bg5 O-O 12. Nd2 Qd6 13. Nf3 h6 14. Bxf6 Bxf6 15. c3 Rab8 16. Rb1 c5 17. d4 c4 18. Qc2 Bd8 19. Re2 c6 20. Rbe1 Rf6 21. Ne5 Bc7 22. Qa4 a5 23. Qc2 Rbf8 24. f4 g5 25. fxg5 hxg5 26. Qd2 Rg6 27. Nxg6 Qxh2+ 28. Kf2 Qg3+ 29. Kf1 Qh2 30. Nxf8 Qh1+ 31. Kf2 Qh4+ 32. Kg1 Qh2+ 33. Kf1 Qh1+ 34. Kf2 Qh4+ 35. g3 Qh2+ 36. Kf1 Qh1+ 37. Kf2 Qh2+ 38. Kf1 Qh1+ 39. Kf2 Qh2+ 1/2-1/2

[Event "1st FIDE OWCCCC Pools-East 2021"]
[Site "Online"]
[Date "2021.02.20"]
[Round "6.48"]
[White "Attili, Manikya Kumar"]
[Black "Rachit, Rana"]
[Result "0-1"]
[WhiteElo "1554"]
[BlackElo "2086"]
[Annotator "NA"]
[PlyCount "190"]
[EventDate "2021.02.19"]
[EventType "team-tourn"]
[EventCountry "NET"]
[SourceTitle "playchess.com"]
[Source "ChessBase"]
[SourceQuality "1"]

1. e4 c5 2. Nf3 d5 3. e5 Nc6 4. d4 cxd4 5. Nxd4 Nxe5 6. Nc3 Nf6 7. Be3 Bd7 8. h3 g6 9. Bd3 Nxd3+ 10. Qxd3 e5 11. O-O-O exd4 12. Bxd4 Be6 13. f3 Bg7 14. Rde1 Qd6 15. Kb1 O-O 16. g4 Qc6 17. h4 Rfc8 18. h5 a6 19. hxg6 fxg6 20. g5 Nh5 21. Bxg7 Kxg7 22. Qd4+ Kg8 23. f4 Bf5 24. Re7 Rc7 25. Rxc7 Qxc7 26. Qxd5+ Qf7 27. Qf3 Rc8 28. Rc1 Qc4 29. Qxb7 Nxf4 30. Qb3 Qxb3 31. axb3 Rc5 32. Na4 Rc6 33. Nc3 Nh3 34. Nd5 Re6 35. Nc7 Rc6 36. Nd5 Re6 37. Nc7 Rd6 38. Ne8 Rb6 39. Nf6+ Kg7 40. Nd7 Bxd7 41. Rh1 Nxg5 42. Rd1 Bf5 43. Rd8 h5 44. Rd4 h4 45. Rxh4 Nf3 46. Rf4 Nd2+ 47. Kc1 Rd6 48. Rf2 Ne4 49. Re2 Ng3 50. Re7+ Kh6 51. Rb7 Rc6 52. c4 Ne2+ 53. Kd2 Nd4 54. Kc3 Ne2+ 55. Kb4 Rd6 56. c5 Rd4+ 57. Ka5 Be4 58. Rb6 Nc1 59. Kxa6 Bc2 60. c6 Nxb3 61. c7 Rc4 62. Kb7 Nc5+ 63. Kb8 Nd7+ 64. Kc8 Nxb6+ 65. Kd8 Bf5 66. b3 Rc3 67. c8=N Bxc8 68. Ke7 g5 69. b4 Rb3 70. b5 Kh5 71. Kf6 Kh4 72. Ke5 g4 73. Kf4 g3 74. Ke5 g2 75. Kf4 g1=Q 76. Ke5 Qc5+ 77. Kf4 Qxb5 78. Ke4 Qb4+ 79. Ke5 Qc4 80. Kf6 Rb4 81. Ke7 Rb5 82. Ke8 Qc6+ 83. Kf8 Nd5 84. Kg7 Rc5 85. Kf7 Qd6 86. Kg7 Qe6 87. Kh7 Qc6 88. Kg7 Qc7+ 89. Kh6 Qc6+ 90. Kg7 Nc3 91. Kh7 Qc7+ 92. Kh6 Qd6+ 93. Kh7 Rc7+ 94. Kg8 Qg6+ 95. Kf8 Qf7# 0-1

[Event "1st FIDE OWCCCC Pools-East 2021"]
[Site "Online"]
[Date "2021.02.20"]
[Round "6.48"]
[White "Rallabhandi, Hari Shankar"]
[Black "Stankova, Radka"]
[Result "0-1"]
[WhiteElo "1290"]
[BlackElo "1842"]
[Annotator "NA"]
[PlyCount "66"]
[EventDate "2021.02.19"]
[EventType "team-tourn"]
[EventCountry "NET"]
[SourceTitle "playchess.com"]
[Source "ChessBase"]
[SourceQuality "1"]

1. e4 e6 2. d4 d5 3. e5 c5 4. c3 Nc6 5. Nf3 Qb6 6. Be2 cxd4 7. cxd4 f6 8. b3 Bb4+ 9. Nbd2 Nxd4 10. exf6 Nxf6 11. Nxd4 Qxd4 12. O-O Qxa1 13. Bb5+ Bd7 14. Bxd7+ Nxd7 15. Qg4 Be7 16. Qxe6 Qe5 17. Qh3 Nf6 18. Nf3 Qh5 19. Qxh5+ Nxh5 20. Re1 Kf8 21. Nd4 Bb4 22. Re5 Nf6 23. Ne6+ Kf7 24. Ng5+ Kg6 25. Nf3 Rhe8 26. Rg5+ Kf7 27. Ne5+ Kg8 28. g3 Ne4 29. Rf5 g6 30. Rf7 Rxe5 31. Rxb7 Bd6 32. Bf4 Re6 33. Bh6 Bf8 0-1

[Event "1st FIDE OWCCCC Pools-East 2021"]
[Site "Online"]
[Date "2021.02.20"]
[Round "6.48"]
[White "Vojtechova, Jana"]
[Black "Spremo, Darko"]
[Result "0-1"]
[WhiteElo "879"]
[BlackElo "1074"]
[Annotator "NA"]
[PlyCount "72"]
[EventDate "2021.02.19"]
[EventType "team-tourn"]
[EventCountry "NET"]
[SourceTitle "playchess.com"]
[Source "ChessBase"]
[SourceQuality "1"]

1. e4 e5 2. Bc4 Nf6 3. Qf3 d6 4. Nh3 Bg4 5. Qa3 d5 6. Qa4+ c6 7. exd5 Nxd5 8. d4 exd4 9. Bg5 Be7 10. Na3 Bxg5 11. Be2 Qe7 12. O-O Bxh3 13. gxh3 Ne3 14. Rfc1 Bh4 15. Qxd4 Nf5 16. Qg4 g6 17. Rd1 O-O 18. Nc4 Qc5 19. Qe4 Qxf2+ 20. Kh1 Ng3+ 21. hxg3 Bxg3 22. Qg2 Qf4 23. Rd3 Bh4 24. Rad1 Na6 25. Rd8 Raxd8 26. Rf1 Qh6 27. Qg4 Nc5 28. Ne5 f6 29. Nf3 Rd2 30. Bc4+ Kg7 31. Qd7+ Rf7 32. Qxd2 Qxd2 33. Bxf7 Kxf7 34. Nxd2 Bg3 35. Rf3 Ne4 36. Re3 Nf2+ 0-1

[Event "1st FIDE OWCCCC Pools-East 2021"]
[Site "Online"]
[Date "2021.02.20"]
[Round "6.49"]
[White "Lelekova, Olga"]
[Black "Nihal Sarin"]
[Result "0-1"]
[WhiteElo "2261"]
[BlackElo "2620"]
[Annotator "ChessBase"]
[PlyCount "90"]
[EventDate "2021.02.19"]
[EventType "team-tourn"]
[EventCountry "NET"]
[SourceTitle "playchess.com"]
[Source "ChessBase"]
[SourceQuality "1"]

1. e4 c6 2. c4 g6 3. Nc3 Bg7 4. d4 d6 5. Be3 Nf6 6. Be2 O-O 7. Qd2 a6 8. Bh6 b5 9. f3 e5 10. Bxg7 Kxg7 11. h4 exd4 12. Qxd4 b4 13. Nd1 c5 14. Qd2 Nc6 15. h5 Nd4 16. hxg6 fxg6 17. Qh6+ Kg8 18. Ne3 Qe7 19. O-O-O Be6 20. Bd3 Nh5 21. g4 Nf4 22. Bf1 Qg7 23. Qh4 Rae8 24. Rd2 Rf7 25. Rdh2 Qe5 26. Qe1 a5 27. Rh6 a4 28. Qh4 Ree7 29. Nf5 gxf5 30. gxf5 Nxf5 31. exf5 Bxf5 32. Qg3+ Kf8 33. R6h2 Qe1+ 34. Qxe1 Rxe1+ 35. Kd2 Rxf1 36. Ne2 Rxh1 37. Rxh1 Nxe2 38. Kxe2 Be6 39. Rh4 Re7 40. Kf2 Bf5 41. Rf4 Rf7 42. Ke3 Bb1 43. Rh4 Bxa2 44. Kf2 Bb3 45. Ke3 a3 0-1

[Event "1st FIDE OWCCCC Pools-East 2021"]
[Site "Online"]
[Date "2021.02.20"]
[Round "6.49"]
[White "Agomeri, Gianluca"]
[Black "Kaur, Satvinder"]
[Result "1-0"]
[WhiteElo "2122"]
[BlackElo "1151"]
[Annotator "NA"]
[PlyCount "39"]
[EventDate "2021.02.19"]
[EventType "team-tourn"]
[EventCountry "NET"]
[SourceTitle "playchess.com"]
[Source "ChessBase"]
[SourceQuality "1"]

1. d4 e6 2. c4 Nc6 3. Nf3 Na5 4. e4 d5 5. cxd5 c5 6. dxe6 Bxe6 7. d5 Nf6 8. dxe6 fxe6 9. Bb5+ Nc6 10. O-O Nxe4 11. Qa4 Bd6 12. Qxe4 Qe7 13. Bxc6+ bxc6 14. Qxc6+ Kf7 15. Ng5+ Kf6 16. Nc3 Rac8 17. Nce4+ Ke5 18. f4+ Kd4 19. Rd1+ Kc4 20. Qa4# 1-0

[Event "1st FIDE OWCCCC Pools-East 2021"]
[Site "Online"]
[Date "2021.02.20"]
[Round "6.49"]
[White "Irjanski, Slava"]
[Black "Dunzo-Sahu"]
[Result "1-0"]
[WhiteElo "1867"]
[BlackElo "211"]
[Annotator "NA"]
[PlyCount "37"]
[EventDate "2021.02.19"]
[EventType "team-tourn"]
[EventCountry "NET"]
[SourceTitle "playchess.com"]
[Source "ChessBase"]
[SourceQuality "1"]

1. e4 e5 2. Nf3 Ba3 3. bxa3 f5 4. d3 fxe4 5. dxe4 Nf6 6. Bg5 g6 7. Bc4 Nxe4 8. Bxd8 Kxd8 9. Qe2 Nd2 10. Nbxd2 Re8 11. Nxe5 Rxe5 12. Qxe5 c5 13. O-O a5 14. Ne4 d5 15. Bxd5 Nc6 16. Qd6+ Bd7 17. Bxc6 bxc6 18. Nxc5 Rc8 19. Qxd7# 1-0

[Event "1st FIDE OWCCCC Pools-East 2021"]
[Site "Online"]
[Date "2021.02.20"]
[Round "6.49"]
[White "Corblin, Regis"]
[Black "Savi Pillco, Layner"]
[Result "1/2-1/2"]
[WhiteElo "1530"]
[BlackElo "1631"]
[Annotator "NA"]
[PlyCount "132"]
[EventDate "2021.02.19"]
[EventType "team-tourn"]
[EventCountry "NET"]
[SourceTitle "playchess.com"]
[Source "ChessBase"]
[SourceQuality "1"]

1. e4 e5 2. Nf3 Nc6 3. Bc4 Bc5 4. d4 exd4 5. c3 dxc3 6. Nxc3 d6 7. h3 Be6 8. Bxe6 fxe6 9. O-O Nf6 10. Bg5 O-O 11. Na4 Bb6 12. Nxb6 axb6 13. Qb3 Qd7 14. Rfe1 Qf7 15. e5 dxe5 16. Nxe5 Nxe5 17. Rxe5 Nd7 18. Re2 Nc5 19. Qc4 Kh8 20. Rae1 Qf5 21. Be7 Rg8 22. Bxc5 Qxc5 23. Qxe6 h6 24. Qb3 Rgf8 25. Rc2 Qa5 26. Ra1 Qf5 27. Rac1 Rae8 28. Qg3 Re1+ 29. Rxe1 Qxc2 30. Re7 Qxb2 31. Rxc7 Rg8 32. Rxb7 Qxa2 33. Rxb6 Qa5 34. Rg6 Qf5 35. Qg4 Qb1+ 36. Kh2 Kh7 37. Re6 Qb8+ 38. Qg3 Qb1 39. Qe3 Qb8+ 40. Qe5 Qxe5+ 41. Rxe5 Rf8 42. Kg3 Kg6 43. f4 Rf6 44. Kf3 Ra6 45. Re3 Kf6 46. g4 g6 47. h4 Ra5 48. Rb3 Rd5 49. Rb6+ Kf7 50. g5 hxg5 51. hxg5 Rd4 52. Ke3 Ra4 53. Rb5 Kg7 54. Rb7+ Kg8 55. Kf3 Kf8 56. Kg4 Kg8 57. Rb6 Kf7 58. Kf3 Kg7 59. Rf6 Rb4 60. Ke3 Ra4 61. Kd3 Rb4 62. Kc3 Ra4 63. Kb3 Re4 64. Kc3 Ra4 65. Kd3 Rb4 66. Kc3 Ra4 1/2-1/2